=LDR 00000nam 2200000 4500 =001 INLIS000000000054065 =005 20210617075854 =035 ##$$a 0010-0519000127 =007 ta =008 210617################g##########0#ind## =020 ##$$a 979-3421-90-8 =082 ##$$a 345.01 =084 ##$$a 345.01 LED a =100 #$$a Leden Marpaung =245 1#$$a Asas-teori-praktek hukum pidana /$c Dr. Leden Marpaung, SH =250 ##$$a cet.7 =260 ##$$a Jakarta :$b Sinar Grafika Offset,$c 2012 =300 ##$$a ix,123 hlm. : $b ilus. ; $c 23 x 15 cm. =650 #4$$a Hukum Pidana-Teori =504 ##$$a Bibliografi hlm. : 121-122 Biografi hlm. : 123 =990 ##$$a 31900145